00849naa#a2200169#i#4500001004000000005001700040011001400057100004100071102000700112200020400119210019500323215001100518608004500529675003200574700005200606856002100658RU\FGKOU VO SPBU MVD ROSSII\bibl\10614820260429054341.3##a2713-0622##a20260428b2026####ek#y0rusy0150####ca##aRU1#aСоциально-перцептивные образы сотрудников органов внутренних дел с разным опытом службыeЖурнальная статья1#aСанкт-ПетербургcСАНКТ-ПЕТЕРБУРГСКИЙ УНИВЕРСИТЕТ МИНИСТЕРСТВА ВНУТРЕННИХ ДЕЛ РОССИЙСКОЙ ФЕДЕРАЦИИd2026##a16 с.##aЖурнальная статья2local##aПсихология. 159.9#1aАндрееваgМария Ильинична4#avestnikspbmvd.ru